| 000 | 00515nam a2200193 a 4500 | ||
|---|---|---|---|
| 001 | 5828 | ||
| 003 | CDMR | ||
| 005 | 20130719093119.0 | ||
| 008 | 130220s2005||||||||||||||||||||||||||||d | ||
| 020 | _a8496326578 | ||
| 040 |
_aCDMR _bcat _cCDMR |
||
| 100 | 1 |
_aAmilibia, J. M. _92859 |
|
| 245 | 1 | 0 |
_aAtados a la columna _cJ. M Amilibia |
| 260 |
_aBarcelona _bBelacqva _c2005 |
||
| 300 |
_a284 p. ; _c23 cm |
||
| 650 | 0 | 4 |
_93075 _aPeriodistes _vIntervius |
| 650 | 0 | 4 |
_93419 _aDiaris _xSeccions, columnes, etc |
| 942 |
_cMON _2udc |
||
| 999 |
_c5828 _d5828 |
||